[Event "SV Rot-Weiß-Altenessen 1 - SC Doppelbau"]
[Site "Verbandsliga, Gruppe 2 2017/2"]
[Date "2017.11.05"]
[Round "3.5"]
[White "Zimmermann, Dirk"]
[Black "Rohloff, Markus"]
[Result "0-1"]
[WhiteElo "1938"]
[BlackElo "1851"]
[PlyCount "88"]
[EventDate "2017.??.??"]

1. Nf3 Nf6 2. g3 g6 3. Bg2 Bg7 4. O-O O-O 5. d3 d6 6. Nbd2 c6 7. e4 e5 8. a4
Na6 9. Nc4 Be6 10. Qe2 Qe7 11. Bd2 Rac8 12. Ng5 Nc5 13. Nxe6 Nxe6 14. c3 Rfd8
15. f4 exf4 16. gxf4 Nc5 17. b4 Nb3 18. Rab1 Nxd2 19. Nxd2 Nd5 20. Qf3 Nxc3 21.
Ra1 Qh4 22. Nb3 Bh6 23. Rfc1 Nxe4 24. dxe4 Bxf4 25. Rd1 Bxh2+ 26. Kf1 Be5 27.
Ra2 Rf8 28. Qh3 Qe7 29. Rf2 Rcd8 30. Nd4 c5 31. Nc2 Qc7 32. b5 Qa5 33. Qb3 Qc7
34. Ne3 Qd7 35. Nd5 Kg7 36. Rd3 Bd4 37. Rf4 Rde8 38. Qc4 Be5 39. Rh4 f5 40. Kg1
fxe4 41. Rdh3 h5 42. Bxe4 Bd4+ 43. Kg2 Rf2+ 44. Kg3 Qf7 0-1

[Event "SV Rot-Weiß-Altenessen 1 - SC Doppelbau"]
[Site "Verbandsliga, Gruppe 2 2017/2"]
[Date "2017.11.05"]
[Round "3.6"]
[White "Avgustin, Thomas"]
[Black "Jochmann, Christian"]
[Result "1/2-1/2"]
[WhiteElo "1709"]
[BlackElo "1821"]
[PlyCount "114"]
[EventDate "2017.??.??"]

1. e4 c5 2. Nf3 e6 3. d4 cxd4 4. Nxd4 Nf6 5. Bd3 Nc6 6. Nxc6 dxc6 7. O-O e5 8.
a4 Bc5 9. Bg5 h6 10. Bh4 Be6 11. Nd2 Qc7 12. Bxf6 gxf6 13. Qf3 Be7 14. Bc4
O-O-O 15. Bxe6+ fxe6 16. Rfd1 Rdf8 17. Qb3 Rd8 18. Qxe6+ Qd7 19. Qxd7+ Rxd7 20.
Nf3 Rhd8 21. Rxd7 Rxd7 22. Kf1 Kc7 23. Ke2 Bc5 24. c3 Kb6 25. Nh4 Bf8 26. Rd1
Rxd1 27. Kxd1 Ka5 28. b3 b5 29. axb5 cxb5 30. Nf5 b4 31. c4 Kb6 32. Ne3 Kc5 33.
Nd5 Kd4 34. Kd2 Kxe4 35. Nxf6+ Kd4 36. f3 a5 37. Nd7 Be7 38. c5 Bxc5 39. Nxc5
Kxc5 40. Kd3 Kb5 41. g4 a4 42. bxa4+ Kxa4 43. Kc2 Ka3 44. Kb1 Kb3 45. h4 Kc4
46. Kb2 Kd5 47. h5 Ke6 48. Kb3 Kf6 49. Kxb4 Kg5 50. Kc5 Kf4 51. Kd5 Kxf3 52. g5
e4 53. gxh6 e3 54. h7 e2 55. h8=Q e1=Q 56. Qf6+ Kg4 57. Qg6+ Kf4 1/2-1/2

[Event "SV Rot-Weiß-Altenessen 1 - SC Doppelbau"]
[Site "Verbandsliga, Gruppe 2 2017/2"]
[Date "2017.11.05"]
[Round "3.7"]
[White "Rips, Frank"]
[Black "Metzner, Carsten"]
[Result "0-1"]
[WhiteElo "1791"]
[BlackElo "1787"]
[PlyCount "24"]
[EventDate "2017.??.??"]

1. e4 e5 2. Nf3 Nc6 3. Bc4 Bc5 4. c3 Nf6 5. d3 h6 6. b4 Bb6 7. a4 a6 8. Ba3 d6
9. O-O O-O 10. Nbd2 Nh5 11. Nxe5 Nxe5 12. Qxh5 Bg4 0-1

[Event "SV Rot-Weiß-Altenessen 1 - SC Doppelbau"]
[Site "Verbandsliga, Gruppe 2 2017/2"]
[Date "2017.11.05"]
[Round "3.8"]
[White "Drawe, Thomas"]
[Black "Bracht, Michael"]
[Result "0-1"]
[WhiteElo "1862"]
[BlackElo "1949"]
[Annotator "Daniel"]
[PlyCount "90"]
[EventDate "2017.??.??"]

1. c4 Nf6 2. g3 g6 3. Bg2 Bg7 4. Nf3 O-O 5. O-O c6 6. Nc3 Na6 7. d3 d5 8. cxd5
Nxd5 9. Bd2 Nac7 10. Rb1 Be6 11. Ng5 Nxc3 12. bxc3 Bc8 13. Qb3 h6 14. Nf3 Ne6
15. d4 Kh7 16. e4 b6 17. Rfd1 Bb7 18. Be3 Nc7 19. c4 e6 20. a4 Qe8 21. d5 cxd5
22. exd5 exd5 23. cxd5 Bxd5 24. Rxd5 Nxd5 25. Qxd5 Qxa4 26. Qb3 Qxb3 27. Rxb3
Rad8 28. h4 $11 Rd1+ 29. Kh2 Rfd8 30. Ra3 Ra1 31. Rxa7 Rxa7 32. Bxb6 Rad7 33.
Bxd8 Rxd8 34. Bf1 Bf6 35. Kg2 Kg7 36. g4 Rd5 37. Kg3 Be7 38. Bc4 Rc5 39. Nd2
Bd8 40. Bf1 Rc3+ 41. f3 Rc2 42. Ne4 Bc7+ 43. f4 f6 44. g5 hxg5 45. hxg5 f5 0-1

[Event "SV Mülheim-Nord 3 - SV Recklinghausen-S"]
[Site "Verbandsliga, Gruppe 2 2017/2"]
[Date "2017.11.05"]
[Round "3.1"]
[White "Beckmann, Klaus"]
[Black "Walter, Andreas"]
[Result "0-1"]
[WhiteElo "2152"]
[BlackElo "2120"]
[PlyCount "38"]
[EventDate "2017.??.??"]

1. e4 e5 2. Bc4 Nf6 3. d3 c6 4. Bb3 Be7 5. Nf3 O-O 6. O-O d6 7. c3 Nbd7 8. Bc2
Re8 9. Re1 Nf8 10. d4 Ng6 11. Nbd2 Bf8 12. h3 Qc7 13. a4 Bd7 14. Nf1 d5 15.
dxe5 Nxe5 16. Nxe5 Qxe5 17. f4 Bc5+ 18. Kh2 Qe7 19. e5 Ng4+ 0-1

[Event "SV Mülheim-Nord 3 - SV Recklinghausen-S"]
[Site "Verbandsliga, Gruppe 2 2017/2"]
[Date "2017.11.05"]
[Round "3.2"]
[White "Simanowski, Mio"]
[Black "Herud, Martin"]
[Result "1/2-1/2"]
[WhiteElo "1933"]
[BlackElo "1985"]
[PlyCount "27"]
[EventDate "2017.??.??"]

1. e4 c5 2. Nf3 d6 3. d4 cxd4 4. Qxd4 Bd7 5. Bc4 Nc6 6. Qd3 g6 7. Bg5 Bg7 8.
Qb3 Na5 9. Bxf7+ Kf8 10. Qd5 Bc6 11. Qe6 Bd7 12. Qd5 Bc6 13. Qe6 Bd7 14. Qd5
1/2-1/2

[Event "SV Mülheim-Nord 3 - SV Recklinghausen-S"]
[Site "Verbandsliga, Gruppe 2 2017/2"]
[Date "2017.11.05"]
[Round "3.3"]
[White "Callenberg, Ralf"]
[Black "Mainusch, Martin"]
[Result "1/2-1/2"]
[WhiteElo "2029"]
[BlackElo "1978"]
[Annotator "Daniel"]
[PlyCount "102"]
[EventDate "2017.??.??"]

1. c4 b6 2. Nc3 Bb7 3. e4 e6 4. Nf3 Bb4 5. Qc2 Bxc3 6. dxc3 d6 7. Bg5 Ne7 8.
O-O-O f6 9. Be3 Nd7 10. Nd4 Kf7 11. f4 e5 12. fxe5 Nxe5 13. c5 bxc5 14. Qb3+ d5
15. Qxb7 cxd4 16. Bxd4 Rb8 17. Qa6 Qd7 18. Bxe5 fxe5 19. exd5 Rb6 20. Qxa7 Rhb8
21. d6 R8b7 22. Bc4+ Ke8 23. Qa8+ Rb8 24. Qf3 cxd6 25. Rhf1 Kd8 26. Qf8+ Kc7
27. Qxg7 Rxb2 28. Bb3 R2xb3 29. axb3 Rxb3 30. Kc2 Rxc3+ 31. Kd2 Rc4 32. Rc1
Rxc1 33. Rxc1+ Nc6 34. Qf8 Qe6 35. Qg7+ Kb6 36. Rb1+ Kc5 37. Rc1+ Kb6 38. Rb1+
Kc5 $11 39. Rb2 Qd5+ 40. Kc1 Qd3 41. Rc2+ Kb6 42. Rb2+ Kc5 43. Rc2+ Kb6 44. Qg4
Nd4 45. Rc8 $11 Qa3+ 46. Kd2 Qb4+ 47. Kd3 Qb1+ 48. Ke3 Qe1+ 49. Kd3 Qb1+ 50.
Kd2 Qb4+ 51. Kd3 Qb1+ 1/2-1/2

[Event "SV Mülheim-Nord 3 - SV Recklinghausen-S"]
[Site "Verbandsliga, Gruppe 2 2017/2"]
[Date "2017.11.05"]
[Round "3.4"]
[White "Grodotzki, Kenneth"]
[Black "Mecklenburg, Roland"]
[Result "1-0"]
[WhiteElo "1985"]
[BlackElo "2010"]
[PlyCount "101"]
[EventDate "2017.??.??"]

1. f4 Nf6 2. Nf3 g6 3. g3 Bg7 4. Bg2 O-O 5. O-O d6 6. d3 c5 7. e4 Nc6 8. Nc3
Nd4 9. h3 Kh8 10. Be3 Ng8 11. Rb1 e6 12. Qd2 Bd7 13. Qf2 Nxf3+ 14. Bxf3 b6 15.
Rbd1 Ne7 16. g4 Rc8 17. Ne2 f5 18. Qg2 Qc7 19. c3 Bc6 20. h4 Qb7 21. Ng3 fxg4
22. Bxg4 Nf5 23. Bc1 Qe7 24. Qh3 Nxg3 25. Qxg3 c4 26. Rfe1 Bf6 27. Re2 e5 28.
Bxc8 Rxc8 29. dxc4 Bxh4 30. Qh3 Bd7 31. Qg2 h5 32. Rf1 Bg4 33. b3 Bxe2 34. Qxe2
exf4 35. Bxf4 Re8 36. Bh2 Bf6 37. Qf3 Be5 38. Bxe5+ Qxe5 39. Qf6+ Kh7 40. Qxe5
Rxe5 41. Rf7+ Kh6 42. Rxa7 Rxe4 43. Rb7 Re3 44. Rxb6 Rxc3 45. Rxd6 h4 46. Rd1
Kg5 47. Rb1 Rc2 48. b4 Rxa2 49. b5 Kf6 50. b6 Ra8 51. c5 1-0

[Event "SV Mülheim-Nord 3 - SV Recklinghausen-S"]
[Site "Verbandsliga, Gruppe 2 2017/2"]
[Date "2017.11.05"]
[Round "3.5"]
[White "Hoefker, Mathias"]
[Black "Brockhaus, Bernd"]
[Result "1-0"]
[WhiteElo "2047"]
[BlackElo "1954"]
[PlyCount "29"]
[EventDate "2017.??.??"]

1. d4 Nf6 2. Nf3 g6 3. g3 Bg7 4. Bg2 d6 5. O-O c6 6. Nc3 O-O 7. e4 Qa5 8. Re1
e5 9. h3 Nh5 10. Be3 f5 11. exf5 gxf5 12. Nxe5 dxe5 13. Qxh5 f4 14. Be4 h6 15.
Bxf4 1-0

[Event "SV Mülheim-Nord 3 - SV Recklinghausen-S"]
[Site "Verbandsliga, Gruppe 2 2017/2"]
[Date "2017.11.05"]
[Round "3.6"]
[White "Schlenter, Ruediger"]
[Black "Parado, Dominador"]
[Result "0-1"]
[WhiteElo "1849"]
[BlackElo "1930"]
[PlyCount "76"]
[EventDate "2017.??.??"]

1. Nf3 Nf6 2. g3 g6 3. b3 Bg7 4. Bb2 d6 5. d4 O-O 6. Bg2 Bf5 7. Nh4 Bc8 8. e4
Nbd7 9. f4 c5 10. e5 Nh5 11. c3 cxd4 12. cxd4 dxe5 13. fxe5 Qb6 14. Qe2 f5 15.
Qc4+ Kh8 16. Nc3 g5 17. Nd5 Qh6 18. Nf3 g4 19. Bc1 f4 20. Nh4 Nb6 21. Qc7 Nxd5
22. Bxd5 Be6 23. Bxb7 Rac8 24. Bxc8 Rxc8 25. Qxe7 Bf8 26. Qb7 Rxc1+ 27. Rxc1
fxg3 28. Kd1 Qe3 29. Qb5 Qxd4+ 30. Kc2 g2 31. Rhd1 Qf2+ 32. Kb1 Qxh4 33. Qe8
Bf5+ 34. Kb2 Qf2+ 35. Ka1 Kg8 36. Qxh5 g1=Q 37. Qg5+ Bg6 38. Qd8 Qgxh2 0-1

[Event "SV Mülheim-Nord 3 - SV Recklinghausen-S"]
[Site "Verbandsliga, Gruppe 2 2017/2"]
[Date "2017.11.05"]
[Round "3.7"]
[White "Kleiner, Tom"]
[Black "Fleischer, Michael"]
[Result "1/2-1/2"]
[WhiteElo "1867"]
[BlackElo "1830"]
[PlyCount "93"]
[EventDate "2017.??.??"]

1. e4 c5 2. Nc3 Nc6 3. g3 d6 4. Bg2 Nf6 5. Nge2 g6 6. O-O Bg7 7. d3 O-O 8. f4
Bd7 9. h3 Rb8 10. g4 b5 11. Ng3 Ne8 12. f5 e6 13. g5 Be5 14. fxg6 fxg6 15.
Rxf8+ Kxf8 16. Qf3+ Kg8 17. Nce2 Ng7 18. c3 b4 19. Be3 Qe7 20. Rf1 bxc3 21.
bxc3 Rb2 22. d4 cxd4 23. cxd4 Bxg3 24. Nxg3 Rxa2 25. Qf6 Ne8 26. Qf3 Ra3 27.
Qf2 a5 28. Bc1 Rb3 29. Nf5 gxf5 30. exf5 d5 31. g6 Qf6 32. fxe6 Qxf2+ 33. Rxf2
Bxe6 34. Bh6 hxg6 35. Rf8+ Kh7 36. Bg5 Bxh3 37. Bxd5 Rg3+ 38. Kh2 Rxg5 39. Bxc6
Rh5 40. Bxe8 Bd7+ 41. Kg3 Bxe8 42. Rxe8 Rd5 43. Ra8 Kh6 44. Kf3 Rxd4 45. Rxa5
g5 46. Ra3 Kh5 47. Kg3 1/2-1/2

[Event "SV Mülheim-Nord 3 - SV Recklinghausen-S"]
[Site "Verbandsliga, Gruppe 2 2017/2"]
[Date "2017.11.05"]
[Round "3.8"]
[White "Lamberti, Michele"]
[Black "Hajra, Hetem"]
[Result "1/2-1/2"]
[WhiteElo "1705"]
[BlackElo "1936"]
[PlyCount "59"]
[EventDate "2017.??.??"]

1. d4 d5 2. Nf3 e6 3. Bf4 Bd6 4. Bg3 Nf6 5. Nbd2 Bxg3 6. hxg3 Nc6 7. e3 Bd7 8.
c3 Qe7 9. Bd3 h6 10. Qc2 e5 11. dxe5 Nxe5 12. Nxe5 Qxe5 13. Nf3 Qe7 14. O-O O-O
15. Rfe1 Rfe8 16. Rad1 c6 17. a3 Ne4 18. Bxe4 dxe4 19. Nh2 b6 20. Rd2 f5 21.
Red1 Be6 22. c4 Rad8 23. Nf1 Rxd2 24. Rxd2 Rd8 25. Rxd8+ Qxd8 26. Qd2 Qc7 27.
Qc3 Qd6 28. Nd2 c5 29. a4 Kf7 30. b3 1/2-1/2

[Event "SG Bochum 3 - SK Holsterhausen 1"]
[Site "Verbandsliga, Gruppe 2 2017/2"]
[Date "2017.11.05"]
[Round "3.2"]
[White "Pilat, Daniel"]
[Black "Kortenbusch, Christoph"]
[Result "1/2-1/2"]
[WhiteElo "2128"]
[BlackElo "2066"]
[PlyCount "28"]
[EventDate "2017.??.??"]

1. e4 c5 2. Nc3 Nc6 3. Bb5 Nd4 4. Nf3 g6 5. Nxd4 cxd4 6. Ne2 Bg7 7. O-O Nf6 8.
d3 O-O 9. f4 d5 10. e5 Ng4 11. Ba4 f6 12. h3 Ne3 13. Bxe3 dxe3 14. d4 b5
1/2-1/2

[Event "SG Bochum 3 - SK Holsterhausen 1"]
[Site "Verbandsliga, Gruppe 2 2017/2"]
[Date "2017.11.05"]
[Round "3.3"]
[White "Schwalen, Peter"]
[Black "Fistoul, Boris"]
[Result "1-0"]
[WhiteElo "2042"]
[BlackElo "1961"]
[PlyCount "137"]
[EventDate "2017.??.??"]

1. e4 e6 2. d4 b6 3. c4 Bb7 4. d5 Bb4+ 5. Bd2 Bxd2+ 6. Qxd2 Qe7 7. Be2 f5 8.
exf5 exd5 9. cxd5 Nf6 10. Nc3 Ne4 11. Nxe4 Qxe4 12. Nf3 O-O 13. O-O Qxd5 14.
Bd3 Na6 15. Rac1 Kh8 16. b4 Nxb4 17. Qxb4 Qxd3 18. Nh4 c5 19. Qg4 Qe4 20. Qh5
Kg8 21. Rc3 Ba6 22. Re3 Qd5 23. Rfe1 Qf7 24. Qd1 Rae8 25. Qa4 Rxe3 26. fxe3 Qc4
27. Qxc4+ Bxc4 28. e4 d6 29. Kf2 a5 30. a4 Rc8 31. Re3 Ba2 32. Ra3 Bb1 33. Rb3
Bxe4 34. Rxb6 Rc6 35. Rb8+ Kf7 36. Ke3 Bc2 37. g4 d5 38. Rb7+ Kf6 39. Kf4 g5+
40. fxg6 hxg6 41. Nf3 d4 42. Ng5 Bb3 43. Rxb3 Ke7 44. Ke5 Rc7 45. Rf3 Ke8 46.
Kd5 Rd7+ 47. Kc4 Rb7 48. Kxc5 Rb4 49. h3 Rxa4 50. Ne6 Ke7 51. Nxd4 Ra1 52. Kb5
a4 53. Kb4 Rc1 54. Ne2 Ra1 55. Nc3 a3 56. Kb3 Ke6 57. Na2 Ke5 58. Kxa3 Ke4 59.
Rb3 Kf4 60. Kb2 Rf1 61. Nb4 Rf3 62. Nd5+ Kg3 63. Rxf3+ Kxf3 64. g5 Kg3 65. Nf6
Kxh3 66. Kc3 Kg3 67. Kd4 Kf4 68. Nh7 Kf5 69. Kd5 1-0

[Event "SG Bochum 3 - SK Holsterhausen 1"]
[Site "Verbandsliga, Gruppe 2 2017/2"]
[Date "2017.11.05"]
[Round "3.4"]
[White "Biermann, Florian"]
[Black "Bobzin, Pierre"]
[Result "1-0"]
[WhiteElo "1932"]
[BlackElo "2049"]
[PlyCount "75"]
[EventDate "2017.??.??"]

1. c4 Nf6 2. g3 g6 3. Bg2 Bg7 4. Nc3 O-O 5. d3 d6 6. e4 e5 7. Nge2 Nbd7 8. O-O
a5 9. h3 Nc5 10. Be3 Nfd7 11. Qd2 c6 12. f4 f5 13. exf5 gxf5 14. d4 exd4 15.
Nxd4 Nf6 16. Rad1 Qe7 17. b3 Re8 18. Nc2 Nfe4 19. Nxe4 Nxe4 20. Bxe4 fxe4 21.
Kg2 Rd8 22. Bb6 Rd7 23. Ne3 d5 24. cxd5 Qb4 25. Qxb4 axb4 26. d6 Rxa2+ 27. Rf2
Ra3 28. Nf5 Kf7 29. Ne7 Rxe7 30. dxe7 Kxe7 31. f5 Be5 32. Bd4 e3 33. Bxe3 Rxb3
34. Bf4 Bxf4 35. Rxf4 c5 36. f6+ Kf7 37. Re1 Rb2+ 38. Kg1 1-0

[Event "SG Bochum 3 - SK Holsterhausen 1"]
[Site "Verbandsliga, Gruppe 2 2017/2"]
[Date "2017.11.05"]
[Round "3.5"]
[White "Imberg, Thorsten"]
[Black "Biermann, Lenhard"]
[Result "0-1"]
[WhiteElo "1945"]
[BlackElo "1946"]
[PlyCount "50"]
[EventDate "2017.??.??"]

1. Nf3 c5 2. g3 Nc6 3. Bg2 g6 4. d3 Bg7 5. O-O e6 6. e4 Nge7 7. Nbd2 d5 8. Re1
O-O 9. c3 b6 10. e5 Qc7 11. Qe2 f6 12. exf6 Bxf6 13. Nf1 e5 14. h3 Bg7 15. Bg5
Kh8 16. Nh4 Be6 17. f4 Nf5 18. Nxf5 Bxf5 19. Ne3 Rae8 20. Nxd5 Qd7 21. Qf1 Be6
22. Ne3 h6 23. Qf3 Rc8 24. f5 Bxf5 25. g4 Bxd3 0-1

[Event "SG Bochum 3 - SK Holsterhausen 1"]
[Site "Verbandsliga, Gruppe 2 2017/2"]
[Date "2017.11.05"]
[Round "3.6"]
[White "Zeldin, Vitali"]
[Black "Warmbier, Robert"]
[Result "1-0"]
[WhiteElo "1970"]
[BlackElo "1867"]
[PlyCount "57"]
[EventDate "2017.??.??"]

1. e4 c5 2. Nf3 e6 3. c3 Qc7 4. d4 cxd4 5. cxd4 Nf6 6. Bd3 Nc6 7. a3 b5 8. O-O
a6 9. Re1 Be7 10. Nbd2 O-O 11. h3 Bb7 12. Nf1 Rac8 13. Bg5 Ne8 14. Rc1 Bxg5 15.
Nxg5 Qb6 16. d5 Ne5 17. Rxc8 Bxc8 18. Bb1 Bb7 19. Ne3 Nf6 20. Kh1 Rc8 21. f4
Nc4 22. Nxc4 Rxc4 23. e5 Rxf4 24. exf6 gxf6 25. Qh5 fxg5 26. Qxg5+ Kf8 27. Qxf4
Bxd5 28. Bxh7 Qc6 29. Be4 1-0

[Event "SG Bochum 3 - SK Holsterhausen 1"]
[Site "Verbandsliga, Gruppe 2 2017/2"]
[Date "2017.11.05"]
[Round "3.7"]
[White "Krieglstein, Marcel"]
[Black "Pilat, Fabian"]
[Result "1-0"]
[WhiteElo "1829"]
[BlackElo "1951"]
[PlyCount "49"]
[EventDate "2017.??.??"]

1. d4 d5 2. c4 e6 3. Nc3 Nf6 4. Bg5 Nbd7 5. Nf3 Be7 6. e3 O-O 7. Be2 dxc4 8.
Bxc4 a6 9. a4 c5 10. O-O b6 11. Qe2 Bb7 12. Rfd1 Nd5 13. Bxe7 Qxe7 14. Rac1
Rfc8 15. e4 Nf4 16. Qe3 cxd4 17. Rxd4 e5 18. Rxd7 Qxd7 19. Nxe5 Qd6 20. Qxf4
Rf8 21. Rd1 Qb4 22. Bxf7+ Rxf7 23. Qxf7+ Kh8 24. Qxb7 Rf8 25. Qd5 1-0

[Event "SG Bochum 3 - SK Holsterhausen 1"]
[Site "Verbandsliga, Gruppe 2 2017/2"]
[Date "2017.11.05"]
[Round "3.8"]
[White "Gluma, Christian"]
[Black "Laumeier, Ulrich"]
[Result "1-0"]
[WhiteElo "1616"]
[BlackElo "1439"]
[PlyCount "55"]
[EventDate "2017.??.??"]

1. e4 e5 2. Nf3 Nc6 3. Bc4 d6 4. d3 h6 5. c3 Bg4 6. Qb3 Na5 7. Bxf7+ Ke7 8. Qa4
Kxf7 9. Qxa5 Nf6 10. Nbd2 Be7 11. Qa4 b6 12. h3 Be6 13. Qc2 Rf8 14. d4 exd4 15.
Nxd4 Bd7 16. Qb3+ Kg6 17. O-O Qe8 18. Ne6 Bxe6 19. Qxe6 Kh7 20. f4 Nh5 21. Nb3
Rf6 22. Qc4 Qd7 23. Qd5 Nxf4 24. Bxf4 Raf8 25. Bg3 c6 26. Qd3 a5 27. Rxf6 Rxf6
28. e5+ 1-0

[Event "SC Gerthe - Werne 1 - SC Mülheim 1"]
[Site "Verbandsliga, Gruppe 2 2017/2"]
[Date "2017.11.05"]
[Round "3.1"]
[White "Viebahn, Dirk"]
[Black "Quast, Marcel"]
[Result "1/2-1/2"]
[WhiteElo "2094"]
[BlackElo "2205"]
[PlyCount "43"]
[EventDate "2017.??.??"]

1. e4 Nf6 2. e5 Nd5 3. d4 d6 4. exd6 exd6 5. Nf3 Be7 6. c4 Nf6 7. Be2 O-O 8.
O-O d5 9. cxd5 Nxd5 10. Nc3 c5 11. Nxd5 Qxd5 12. dxc5 Qxd1 13. Rxd1 Bxc5 14.
Bf4 Be6 15. Ng5 Nc6 16. Nxe6 fxe6 17. Be3 Bxe3 18. fxe3 Rad8 19. Bf3 Rxd1+ 20.
Rxd1 Rd8 21. Rxd8+ Nxd8 22. Kf2 1/2-1/2

[Event "SC Gerthe - Werne 1 - SC Mülheim 1"]
[Site "Verbandsliga, Gruppe 2 2017/2"]
[Date "2017.11.05"]
[Round "3.2"]
[White "Brueggestraß, Volker"]
[Black "Langschmidt, Dirk"]
[Result "1/2-1/2"]
[WhiteElo "2021"]
[BlackElo "1976"]
[PlyCount "73"]
[EventDate "2017.??.??"]

1. e4 c5 2. c3 e6 3. d4 d5 4. exd5 Qxd5 5. Nf3 Nf6 6. Na3 cxd4 7. Nb5 Na6 8.
Nbxd4 Nc7 9. Bd3 Bd6 10. O-O O-O 11. Bg5 Nh5 12. c4 Qa5 13. Nb3 Qb4 14. Nfd4 g6
15. Qf3 Be5 16. g4 Ng7 17. Qe2 Qd6 18. c5 Qd5 19. Nf3 f6 20. Bc4 Qd8 21. Bh6
Rf7 22. Rad1 Nd5 23. Nxe5 fxe5 24. Qxe5 Qh4 25. Qg5 Qxg5 26. Bxg5 Bd7 27. Rfe1
Raf8 28. Rxd5 exd5 29. Bxd5 Bxg4 30. Re7 Bf3 31. Bxf7+ Rxf7 32. Nd4 Bd5 33. a4
Rxe7 34. Bxe7 Kf7 35. Bg5 Ne6 36. Be3 Nxc5 37. a5 1/2-1/2

[Event "SC Gerthe - Werne 1 - SC Mülheim 1"]
[Site "Verbandsliga, Gruppe 2 2017/2"]
[Date "2017.11.05"]
[Round "3.3"]
[White "Riese, Manfred"]
[Black "Berens, Thomas"]
[Result "0-1"]
[WhiteElo "1815"]
[BlackElo "1901"]
[Annotator "Daniel"]
[PlyCount "102"]
[EventDate "2017.??.??"]

1. c4 g6 2. g3 Bg7 3. Bg2 c5 4. Nc3 Nc6 5. d3 e6 6. e4 Nge7 7. Be3 d6 8. Qd2
Nd4 9. Nge2 O-O 10. O-O Rb8 11. Rac1 a6 12. Bh6 b5 13. Bxg7 Kxg7 14. Nxd4 cxd4
15. Ne2 e5 16. b3 Bg4 17. f3 Be6 18. c5 Rc8 19. cxd6 Qxd6 20. f4 f6 21. fxe5
fxe5 22. h3 Rxc1 23. Rxc1 Rc8 24. Rc2 Rxc2 25. Qxc2 $11 Qc6 26. Qd2 Nc8 27. Kh2
Qc5 28. g4 Ne7 29. Ng3 h6 30. Qa5 Qd6 31. Bf3 Nc8 32. Bd1 Qb6 33. Qd2 b4 34. g5
h5 35. Qf2 Bd7 36. Nf1 Bb5 37. Be2 Qd6 38. Nd2 Nb6 39. Qg3 Nd7 40. Nf3 Kf7 41.
Kg2 Ke7 42. Qf2 Nc5 43. Qf1 Ne6 44. Kg3 Nf4 45. Qd1 Qe6 46. Bf1 a5 47. Nxd4
exd4 48. Kxf4 Kd6 49. Qd2 Qf7+ 50. Kg3 Qxf1 51. h4 Qxd3+ 0-1

[Event "SC Gerthe - Werne 1 - SC Mülheim 1"]
[Site "Verbandsliga, Gruppe 2 2017/2"]
[Date "2017.11.05"]
[Round "3.4"]
[White "Gottmann, Bernd"]
[Black "Straenger, Petra"]
[Result "1/2-1/2"]
[WhiteElo "1912"]
[BlackElo "1814"]
[Annotator "Daniel"]
[PlyCount "97"]
[EventDate "2017.??.??"]

1. d4 d5 2. c4 c6 3. Nc3 Nf6 4. e3 Bf5 5. cxd5 cxd5 6. Qb3 Qd7 7. Nf3 e6 8. Bb5
Nc6 9. Ne5 Qc7 10. Qa4 Rc8 11. Qxa7 Bd6 12. Nxc6 bxc6 13. Qxc7 Rxc7 14. Be2 O-O
15. O-O Rb8 16. Rd1 e5 17. Bd3 e4 18. Be2 Ra7 19. Rb1 h6 20. Bd2 Be6 21. Be1
Nd7 22. b3 Ba3 23. f3 exf3 24. gxf3 Bb4 25. Na4 Bxe1 26. Rxe1 Nb6 27. Nxb6 Rxb6
28. Rb2 Bf5 29. Rc1 Kf8 30. Kf2 Ke7 31. Ke1 Kd6 $11 32. Kd2 g5 33. Bd3 Bxd3 34.
Kxd3 f5 35. Rc5 Rba6 36. a4 Rb7 37. a5 Ra8 38. b4 Rab8 39. Kc3 Re7 40. Kd3 Rbe8
41. Re2 Rb8 42. Rec2 Rc7 43. Rb2 Rcb7 44. Kc3 Re7 45. Kd2 Reb7 46. Rbc2 Rc7 47.
Rb2 Rcb7 48. Rbc2 Rc7 49. Rb2 1/2-1/2

[Event "SC Gerthe - Werne 1 - SC Mülheim 1"]
[Site "Verbandsliga, Gruppe 2 2017/2"]
[Date "2017.11.05"]
[Round "3.5"]
[White "Heinzel, Peter"]
[Black "Loeffelbein, Klaus"]
[Result "0-1"]
[WhiteElo "1907"]
[BlackElo "1855"]
[PlyCount "176"]
[EventDate "2017.??.??"]

1. b4 e5 2. Bb2 Bxb4 3. Bxe5 Nf6 4. c4 Nc6 5. Bb2 O-O 6. e3 d5 7. Nf3 Re8 8.
cxd5 Nxd5 9. Be2 Bd6 10. O-O Bg4 11. d4 Qe7 12. Nc3 Nxc3 13. Bxc3 a6 14. a4 Bb4
15. Bb2 Rad8 16. Rc1 Rd6 17. Qc2 Rc8 18. h3 Bd7 19. Nh2 Qg5 20. Kh1 Rh6 21. f4
Qa5 22. Rcd1 Ne7 23. e4 Bxa4 24. Qd3 Bxd1 25. Bxd1 Qb5 26. Qf3 Bd2 27. Ba3 Bb4
28. Bc1 Rc6 29. Be2 Qa5 30. d5 Rc3 31. Qg4 Rc2 32. Bd3 Ra2 33. Bb1 Bd2 34. Bxa2
Bxc1 35. Rxc1 Qxa2 36. Qd7 Qa3 37. Rf1 Qd6 38. Qg4 Qg6 39. Qe2 Re8 40. Rd1 Nc8
41. e5 Qg3 42. Qc4 Nb6 43. Qd4 Qb3 44. Ng4 Qc4 45. Qf2 Nxd5 46. Qg3 Kh8 47. Qf2
c6 48. g3 Nc3 49. Rd7 Ne4 50. Qf3 Nc5 51. Ne3 Qe6 52. Rd2 a5 53. g4 a4 54. Nf5
Nb3 55. Rb2 Qd5 56. Qxd5 cxd5 57. Nd6 Re7 58. Ra2 Nc5 59. Rd2 g6 60. Rxd5 b6
61. Rd2 Kg7 62. Kg2 Ra7 63. Rb2 Nb3 64. Ra2 Nc5 65. Nb5 Ra5 66. Na3 b5 67. Nc2
Nd3 68. Ra3 Nxf4+ 69. Kf3 Nd5 70. Ke4 b4 71. Ra1 a3 72. Kd4 Kf8 73. Kc4 Ke7 74.
Nd4 Nb6+ 75. Kxb4 Ra4+ 76. Kc5 Nd7+ 77. Kd5 Ra5+ 78. Kc4 Nxe5+ 79. Kb4 Ra8 80.
Nb5 Nd3+ 81. Kc4 Nf2 82. Nxa3 Nxh3 83. Re1+ Kf6 84. Nc2 Ra4+ 85. Nb4 Kg5 86.
Re7 Kf6 87. Re1 Nf4 88. Kb3 Rxb4+ 0-1

[Event "SC Gerthe - Werne 1 - SC Mülheim 1"]
[Site "Verbandsliga, Gruppe 2 2017/2"]
[Date "2017.11.05"]
[Round "3.6"]
[White "Melmer, Felix"]
[Black "Achenbach, Manfred"]
[Result "0-1"]
[WhiteElo "1867"]
[BlackElo "1979"]
[PlyCount "52"]
[EventDate "2017.??.??"]

1. f4 d5 2. Nf3 g6 3. g3 Bg7 4. Bg2 Nf6 5. O-O c5 6. d3 Nc6 7. c3 O-O 8. Na3
Rb8 9. Ne5 Nxe5 10. fxe5 Ng4 11. d4 cxd4 12. cxd4 h5 13. Qb3 e6 14. Bd2 b5 15.
Bb4 Re8 16. Bd6 Rb7 17. Rac1 Bh6 18. Qd3 Bxc1 19. Rxc1 Qg5 20. Rc5 b4 21. Nc2
b3 22. axb3 Qc1+ 23. Bf1 Qxb2 24. b4 Bd7 25. Qa6 Rxb4 26. Nxb4 Qxd4+ 0-1

[Event "SC Gerthe - Werne 1 - SC Mülheim 1"]
[Site "Verbandsliga, Gruppe 2 2017/2"]
[Date "2017.11.05"]
[Round "3.7"]
[White "Meyer, Friedel"]
[Black "Meise, Ulrich"]
[Result "1-0"]
[WhiteElo "1708"]
[BlackElo "1858"]
[PlyCount "59"]
[EventDate "2017.??.??"]

1. c4 e5 2. Nc3 Nf6 3. d3 Nc6 4. g3 Bb4 5. Bg2 O-O 6. Bd2 Bxc3 7. Bxc3 d5 8.
cxd5 Nxd5 9. Qb3 Nxc3 10. Qxc3 Bd7 11. Nf3 Re8 12. O-O Rb8 13. e3 f6 14. Rac1
Be6 15. a3 Qd7 16. Rfd1 Bg4 17. Rd2 Rbd8 18. Ne1 e4 19. Qb3+ Qf7 20. Qxb7 Na5
21. Qxa7 Nb3 22. Rxc7 Qf8 23. Rcc2 Nxd2 24. Rxd2 Qd6 25. Qa4 Qc5 26. Rc2 Qf5
27. dxe4 Qh5 28. Nd3 Rxd3 29. Qc4+ Kh8 30. Qxd3 1-0

[Event "SC Gerthe - Werne 1 - SC Mülheim 1"]
[Site "Verbandsliga, Gruppe 2 2017/2"]
[Date "2017.11.05"]
[Round "3.8"]
[White "Kalle, Yannis"]
[Black "Wisotzky, Klaus"]
[Result "1-0"]
[WhiteElo "1710"]
[BlackElo "1611"]
[PlyCount "31"]
[EventDate "2017.??.??"]

1. e4 e6 2. d4 d5 3. Nc3 dxe4 4. Nxe4 Nd7 5. Nf3 Ngf6 6. Bg5 Be7 7. Nxf6+ Nxf6
8. Bd3 c5 9. dxc5 Qa5+ 10. Bd2 Qxc5 11. Bc3 O-O 12. Qe2 Bd7 13. Bd4 Qc8 14. Ng5
g6 15. Qf3 Nh5 16. Qxh5 1-0

[Event "SV Waltrop 1 - SF Buer 1"]
[Site "Verbandsklasse, Gruppe 1 2017"]
[Date "2017.11.05"]
[Round "3.1"]
[White "Renk, Christoph"]
[Black "Winterberg, Andreas"]
[Result "1/2-1/2"]
[WhiteElo "1975"]
[BlackElo "2002"]
[Annotator "Daniel"]
[PlyCount "66"]
[EventDate "2017.??.??"]

1. Nf3 d5 2. c4 e6 3. e3 Nf6 4. b3 c5 5. Bb2 Nc6 6. cxd5 exd5 7. Bb5 Bd7 8. O-O
Be7 9. d4 cxd4 10. Nxd4 O-O 11. Be2 Ne4 12. Nd2 Bb4 13. Nxe4 dxe4 14. a3 Ba5
$11 15. Bb5 Ne7 16. Bc4 a6 17. a4 Rc8 18. f3 Nf5 19. Nxf5 Bxf5 20. fxe4 Qxd1
21. Raxd1 Bxe4 22. Rd7 Bb6 23. Bd4 Bxd4 24. exd4 b5 25. axb5 axb5 26. Bxf7+ Kh8
27. h3 Rc2 28. Rf4 Rxg2+ 29. Kf1 Ba8 30. d5 Rb2 31. Rf3 g5 32. Ke1 Rc8 33. Kd1
Rbc2 1/2-1/2